Most common UK surnames - Statistics

General Stats
  • This quiz has been taken 942 times
  • The average score is 23 of 50
Answer Stats
Hint Answer % Correct
1 Smith
99%
2 Jones
89%
5 Brown
80%
11 Johnson
78%
4 Williams
77%
17 White
73%
21 Green
69%
19 Jackson
65%
10 Roberts
65%
3 Taylor
62%
9 Thomas
58%
28 James
57%
8 Wilson
57%
16 Thompson
56%
6 Davies
54%
22 Harris
54%
48 Anderson
49%
7 Evans
49%
31 Edwards
48%
34 Clark
45%
12 Lewis
45%
35 Harrison
44%
14 Robinson
44%
13 Walker
40%
46 Adams
38%
38 Morris
38%
26 Martin
37%
18 Watson
37%
23 Cooper
36%
39 Hall
36%
32 Hill
35%
24 King
35%
25 Lee
35%
20 Wright
35%
33 Moore
34%
15 Wood
34%
37 Young
34%
42 Carter
32%
30 Hughes
32%
45 Patel
31%
47 Campbell
30%
36 Scott
30%
44 Mitchell
28%
49 Allen
27%
50 Cook
27%
29 Morgan
24%
41 Turner
24%
43 Philips
20%
27 Clarke
19%
40 Ward
16%
No matching quizzes found
Score Distribution
Percent of People with Each Score
Percentile by Number Answered
Your Score History
You have not taken this quiz